Sexual and Reproductive Health and Rights in India (Record no. 15371)
[ view plain ]
| 000 -LEADER | |
|---|---|
| fixed length control field | 00679nam a2200121Ia 4500 |
| 008 - FIXED-LENGTH DATA ELEMENTS--GENERAL INFORMATION | |
| fixed length control field | 220615s9999||||xx |||||||||||||| ||und|| |
| 100 ## - MAIN ENTRY--PERSONAL NAME | |
| Personal name | Pachauri, Saroj||Pachauri, Ash||Mittal, Komal |
| 245 #0 - TITLE STATEMENT | |
| Title | Sexual and Reproductive Health and Rights in India |
| Remainder of title | Self-care for Universal Health Coverage |
| 546 ## - LANGUAGE NOTE | |
| Language note | English[eng] |
| 650 ## - SUBJECT ADDED ENTRY--TOPICAL TERM | |
| Topical term or geographic name entry element | Sexual and Reproductive Health and Rights||Self-care Practices||Universal Health Coverage||Marginalized and Vulnerable Communities||Self-initiated Care||HIV and AIDS||Sustainable Development Goals||Condom Use Practices||LGBTQIA+||Open Access |
| 856 ## - ELECTRONIC LOCATION AND ACCESS | |
| Uniform Resource Identifier | <a href="https://library.oapen.org/bitstream/20.500.12657/50749/1/978-981-16-4578-5.pdf">https://library.oapen.org/bitstream/20.500.12657/50749/1/978-981-16-4578-5.pdf</a> |
| 942 ## - ADDED ENTRY ELEMENTS (KOHA) | |
| Koha item type | E-Books |
| Withdrawn status | Lost status | Damaged status | Not for loan | Home library | Current library | Date acquired | Total Checkouts | Date last seen | Price effective from | Koha item type |
|---|---|---|---|---|---|---|---|---|---|---|
| Kerala University of Digital Sciences, Innovation and Technology Knowledge Centre | Kerala University of Digital Sciences, Innovation and Technology Knowledge Centre | 15/06/2022 | 15/06/2022 | 15/06/2022 | E-Books |